00521nam a22001937a 4500010001100000020001000011035001100021037001600032040001200048082001600060100001400076245004400090260004000134270003600174300002000210500003700230650001500267650004500282 a982460 c60.00 a982460 bCen Lib/Ret aDPLbEN a883.08bRAO aRao, K. R aThe fiction of Raja Rao /cby K. R. Rao aAurangabadbParimal Prakashanc1980 aKhadkeshwarbAurangabade431001 a164p.c20cm(Hb) aIncludes bibliography and index  aLiterature aRaja Rao -- Criticism and interpretation